| 000 | 00829nam a2200253Ia 4500 | ||
|---|---|---|---|
| 003 | OSt | ||
| 005 | 20220925222313.0 | ||
| 006 | a|||||r|||| 00| 0 | ||
| 007 | ta | ||
| 008 | 220923b |||||||| |||| 00| 0 eng d | ||
| 020 |
_a9780230248144 _c4000.0999999999999 |
||
| 037 |
_b24, 04/08/2011, Indu Book Services _cGeneral Book |
||
| 040 |
_aRTL _cRTL _beng |
||
| 041 |
_2eng _aeng |
||
| 082 | _aX:7:(B), Q0 | ||
| 100 |
_aHOSOE Nobuhiro _9287504 |
||
| 245 | 0 |
_aTextbook of computable general equilibrium modelling _b Programming and simulations |
|
| 260 |
_aLondon _bPalgrave Macmillan _c2010 |
||
| 300 |
_axix, 235p _ccm. |
||
| 500 | _aBibliography: P 226-28 | ||
| 650 | _aEconomics | ||
| 942 |
_hX:7:(B), Q0 _cGB _2CC |
||
| 999 |
_c576635 _d576635 |
||